Normal view
MARC view
- Reuvid, Jonathan:Curnow, Barry
Entry Personal Name
001 - CONTROL NUMBER
- control field: 64889
003 - CONTROL NUMBER IDENTIFIER
- control field: NUST
005 - DATE AND TIME OF LATEST TRANSACTION
- control field: 20210628203340.0
008 - FIXED-LENGTH DATA ELEMENTS
- fixed length control field: 210628|| aca||aabn | a|a d
040 ## - CATALOGING SOURCE
- Original cataloging agency: NUST
- Transcribing agency: NUST
100 ## - HEADING--PERSONAL NAME
- Personal name: Reuvid, Jonathan:Curnow, Barry
670 ## - SOURCE DATA FOUND
- Source citation: Work cat.: (NUST): Reuvid, Jonathan:Curnow, Barry, The international guide to management consultancy;the evolution, practice and structure of management consultancy worldwide, 2003
